000 00979nam a2200241 a 4500
001 70999
003 BD-RjUL
005 20211209082052.0
008 170423s1964 b a|||| |||| 00| 0 ben d
020 _c : IRs. 6.00
035 _a(BD-RjUL)71213
040 _aBD-RjUL
_bben
_cBD-RjUL
_dBD-RjUL
041 _aben
082 _223
_a796
_bKIJ 1964
100 1 0 _aকিনে, ফ্রান্সিস ডব্লিউ
_9210070
245 1 0 _aজগত জুড়ে মজার খেলা = (Funny game across the world) /
_cফ্রান্সিস ডব্লিউ কিনে ; অনুবাদ : মতিউদ্দীন আহমদ
260 _aঢাকা :
_bপ্রিমিয়াম বুকস্,
_c১৯৬৪
300 _a২৪৮ পৃ. :
_bচিত্র ;
_c২৩ সেমি
650 _aখেলা্
_9160068
650 _aGame
_9210071
700 _aআহমদ, মতিউদ্দীন
_9210072
942 _2ddc
_cBK
999 _c70999
_d70999